000 00546nam a2200169 4500
001 118820
003 ES-MaACL
005 20230906191203.0
007 t|
008 070214s1971 sp r ||||1| spa d
100 1 _aPetroni, Guglielmo.
_991549
245 1 3 _aEl mundo es una prisión /
_cGuglielmo Petroni ; traducción del italiano por Consuelo Pastor Sanz.
260 _a[s.l.] :
_b[s.n.],
_c1971.
300 _a154 p., 1 lám. :
_b`retr. aut.` ;
_c18 cm.
700 1 _aPastor Sanz, Consuelo.
_989526
852 _aES-MaACL
_jC-45419
_bR.76994
999 _c118820
_d118820